Stanovenie hodnoty goodwillu

Pojem "goodwill" znamená dobré meno, dobrú povesť spojenú s produkciou podniku, pričom vytvorenie dobrého mena predpokladá dlhodobú tradíciu a kvalitu. Goodwill ako nehmotný majetok. Účtovné aspekty goodwillu. Účtovanie o goodwille už aj v slovenských postupoch účtovania a rámcovej účtovej osnove p...

Celý popis

Uložené v:
Podrobná bibliografia
Hlavný autor: Harumová, Anna, 1955-
Médium: Kapitola
Jazyk:Slovak
Predmet:
Tagy: Pridať tag
Žiadne tagy, Buďte prvý, kto otaguje tento záznam!

MARC

LEADER 00000naa$a2200000$$$4500
001 0043400
005 20240502071519.5
041 0 |a slo 
044 |a SK 
245 1 0 |a Stanovenie hodnoty goodwillu  |c Anna Harumová 
520 |a Pojem "goodwill" znamená dobré meno, dobrú povesť spojenú s produkciou podniku, pričom vytvorenie dobrého mena predpokladá dlhodobú tradíciu a kvalitu. Goodwill ako nehmotný majetok. Účtovné aspekty goodwillu. Účtovanie o goodwille už aj v slovenských postupoch účtovania a rámcovej účtovej osnove pre podnikateľov účtujúcich v sústave podvojného účtovníctva. Stanovenie hodnoty goodwillu. Goodwill v medzinárodnom kontexte. 
610 2 0 |a podnik 
610 2 0 |a goodwill 
610 2 0 |a hodnota 
610 2 0 |a majetok nehmotný 
610 2 0 |a účtovníctvo podvojné 
610 2 0 |a štandardy ohodnocovacie medzinárodné 
100 1 |a Harumová, Anna, 1955-